| 000 | 01032nmm a2200301 a 4500 | ||
|---|---|---|---|
| 001 | ocm0001162406 | ||
| 003 | TR-IsHL | ||
| 005 | 20201028153958.0 | ||
| 008 | 150709s2015 tu tur | ||
| 007 | cr cn | ||
| 020 | _a9786059121330 | ||
| 035 |
_a1162406 _b(N$T) |
||
| 050 | 0 | 4 |
_aPL248.P5 _bŞ55 2015 |
| 090 | 0 | 4 |
_aPL248.P5 _bŞ55 2015 |
| 100 | 1 | _aŞimşek, Gürbüz | |
| 245 | 1 | 0 |
_aPir Sultan Abdal yolculuğu: Alamut'tan Yıldız Dağı'na uzun bir koşu _h[electronic resource] / _cGürbüz Şimşek |
| 260 |
_aİstanbul : _bParola Yayınları, _c2015 |
||
| 300 | _a529 p. | ||
| 500 |
_aKaynakça var. _x |
||
| 650 | 4 | _aTarih | |
| 650 | 4 | _aHistory | |
| 650 | 0 |
_aPir Sultan Abdal _x16. yy |
|
| 650 | 0 |
_aPir Sultan Abdal _x16th century |
|
| 650 | 0 |
_aTürk edebiyatı _xşiir _x16.yüzyıl |
|
| 650 | 0 |
_aTurkish literature _xpoetry _x16th century |
|
| 650 | 7 |
_aBIOGRAPHY & AUTOBIOGRAPHY / Literary _2bisacsh |
|
| 856 | 4 | 0 | _uhttp://search.ebscohost.com/login.aspx?direct=true&scope=site&db=e011xww&AN=1162406 |
| 999 |
_c12334 _d12334 |
||